000 00260nam a22001097a 4500
008 160512b xxu||||| |||| 00| 0 eng d
020 _a0071093680
041 _aeng
080 _a612.39
245 _aContemporary nutrition:
_cGordon M. Wardlaw;
942 _2udc
_cBK
999 _c2131
_d2131